Library Banner

How imitation boosts development (Record no. 87371)

MARC details
000 -LEADER
fixed length control field 00558nam a22001817a 4500
005 - DATE AND TIME OF LATEST TRANSACTION
control field 20160805093033.0
008 - FIXED-LENGTH DATA ELEMENTS--GENERAL INFORMATION
fixed length control field 160805b xxu||||| |||| 00| 0 eng d
020 ## - INTERNATIONAL STANDARD BOOK NUMBER
International Standard Book Number 9780198704003
040 ## - CATALOGING SOURCE
Transcribing agency PK-LaUMT
082 ## - DEWEY DECIMAL CLASSIFICATION NUMBER
Classification number 616.898
Item number NAD-H
100 ## - MAIN ENTRY--PERSONAL NAME
Personal name Nadel, Jacqueline
245 ## - TITLE STATEMENT
Title How imitation boosts development
Remainder of title in infancy and autism spectrum disorder
Statement of responsibility, etc Jacqueline Nadel; translated by Eleanor Corbett and jacqueline Nadel
260 ## - PUBLICATION, DISTRIBUTION, ETC. (IMPRINT)
Place of publication, distribution, etc Oxford:
Name of publisher, distributor, etc Oxford University,
Date of publication, distribution, etc 2014
300 ## - PHYSICAL DESCRIPTION
Extent 237 p.
650 ## - SUBJECT ADDED ENTRY--TOPICAL TERM
Topical term or geographic name as entry element Autism
650 ## - SUBJECT ADDED ENTRY--TOPICAL TERM
Topical term or geographic name as entry element Imitation
942 ## - ADDED ENTRY ELEMENTS (KOHA)
Koha item type Books
Holdings
Withdrawn status Lost status Damaged status Home library Current library Date acquired Full call number Barcode Date last seen Price effective from Koha item type
      UMT Main Campus UMT Main Campus 2016-08-05 616.898 NAD-H 101778 2018-01-29 2016-08-05 Books